Histoire politique de la France depuis 1945 (notice n° 1554294)
[ vue normale ]
| 000 -LEADER | |
|---|---|
| fixed length control field | 01508cam a2200277zu 4500 |
| 003 - CONTROL NUMBER IDENTIFIER | |
| control field | FRCYB88921616 |
| 005 - DATE AND TIME OF LATEST TRANSACTION | |
| control field | 20251020123447.0 |
| 008 - FIXED-LENGTH DATA ELEMENTS--GENERAL INFORMATION | |
| fixed length control field | 251020s2015 fr | o|||||0|0|||fre d |
| 020 ## - INTERNATIONAL STANDARD BOOK NUMBER | |
| International Standard Book Number | 9782200600044 |
| 035 ## - SYSTEM CONTROL NUMBER | |
| System control number | FRCYB88921616 |
| 040 ## - CATALOGING SOURCE | |
| Original cataloging agency | FR-PaCSA |
| Language of cataloging | fr |
| Transcribing agency | |
| Description conventions | rda |
| 100 1# - MAIN ENTRY--PERSONAL NAME | |
| Personal name | Becker, Jean-Jacques |
| 245 01 - TITLE STATEMENT | |
| Title | Histoire politique de la France depuis 1945 |
| Statement of responsibility, etc. | ['Becker, Jean-Jacques'] |
| 264 #1 - PRODUCTION, PUBLICATION, DISTRIBUTION, MANUFACTURE, AND COPYRIGHT NOTICE | |
| Name of producer, publisher, distributor, manufacturer | Armand Colin |
| Date of production, publication, distribution, manufacture, or copyright notice | 2015 |
| 300 ## - PHYSICAL DESCRIPTION | |
| Extent | p. |
| 336 ## - CONTENT TYPE | |
| Content type code | txt |
| Source | rdacontent |
| 337 ## - MEDIA TYPE | |
| Media type code | c |
| Source | rdamdedia |
| 338 ## - CARRIER TYPE | |
| Carrier type code | c |
| Source | rdacarrier |
| 520 ## - SUMMARY, ETC. | |
| Summary, etc. | La vie politique française depuis 1945, c'est celle de deux républiques, confrontées à des crises majeures – 1958, 1968… –, à un contexte international marqué par la guerre froide, la décolonisation, l'effondrement du bloc soviétique, enfin l'exacerbation des menaces terroristes. C'est aussi un paysage social et des données économiques en pleine mutation : croissance des Trente Glorieuses, chocs pétroliers et récession, explosions technologique et financière, mondialisation… Traversant ces vicissitudes ou ces révolutions, le personnel et les pratiques politiques ont changé eux aussi, pour répondre à la fois aux attentes de la société civile et aux défis du monde contemporain. |
| 650 #0 - SUBJECT ADDED ENTRY--TOPICAL TERM | |
| Topical term or geographic name entry element | |
| 700 0# - ADDED ENTRY--PERSONAL NAME | |
| Personal name | Becker, Jean-Jacques |
| 856 40 - ELECTRONIC LOCATION AND ACCESS | |
| Access method | Cyberlibris |
| Uniform Resource Identifier | <a href="https://international.scholarvox.com/netsen/book/88921616">https://international.scholarvox.com/netsen/book/88921616</a> |
| Electronic format type | text/html |
| Host name | |
Pas d'exemplaire disponible.




Réseaux sociaux